<?xml version="1.0" encoding="UTF-8"?>
<record
    xmlns:xsi="http://www.w3.org/2001/XMLSchema-instance"
    xsi:schemaLocation="http://www.loc.gov/MARC21/slim http://www.loc.gov/standards/marcxml/schema/MARC21slim.xsd"
    xmlns="http://www.loc.gov/MARC21/slim">

  <leader>00601nam a2200205 a 4500</leader>
  <controlfield tag="001">4369</controlfield>
  <controlfield tag="003">CDMR</controlfield>
  <controlfield tag="005">20131125102742.0</controlfield>
  <controlfield tag="008">130130s1995||||||||||||||||||||||||||||d</controlfield>
  <datafield tag="020" ind1=" " ind2=" ">
    <subfield code="a">8485264940</subfield>
  </datafield>
  <datafield tag="040" ind1=" " ind2=" ">
    <subfield code="a">CDMR</subfield>
    <subfield code="b">cat</subfield>
    <subfield code="c">CPC LLEIDA</subfield>
  </datafield>
  <datafield tag="245" ind1=" " ind2="3">
    <subfield code="a">El derecho a la informaci&#xF3;n</subfield>
    <subfield code="b">: teor&#xED;a y pr&#xE1;ctica</subfield>
    <subfield code="c">presentaci&#xF3;n, Manuel Ram&#xED;rez</subfield>
  </datafield>
  <datafield tag="260" ind1=" " ind2=" ">
    <subfield code="a">Zaragoza</subfield>
    <subfield code="c">1995</subfield>
    <subfield code="b">Libros P&#xF3;rtico</subfield>
  </datafield>
  <datafield tag="300" ind1=" " ind2=" ">
    <subfield code="a">119 p.</subfield>
  </datafield>
  <datafield tag="490" ind1="0" ind2=" ">
    <subfield code="a">Cuadernos Lucas Mallada</subfield>
    <subfield code="v">1</subfield>
  </datafield>
  <datafield tag="650" ind1="0" ind2="4">
    <subfield code="9">1574</subfield>
    <subfield code="a">Llibertat d'informaci&#xF3;</subfield>
  </datafield>
  <datafield tag="650" ind1="0" ind2="4">
    <subfield code="9">1582</subfield>
    <subfield code="a">Llibertat d'impremta</subfield>
  </datafield>
  <datafield tag="700" ind1="1" ind2=" ">
    <subfield code="9">3549</subfield>
    <subfield code="a">Ram&#xED;rez, Manuel</subfield>
  </datafield>
  <datafield tag="942" ind1=" " ind2=" ">
    <subfield code="c">MON</subfield>
    <subfield code="2">udc</subfield>
  </datafield>
  <datafield tag="999" ind1=" " ind2=" ">
    <subfield code="c">4369</subfield>
    <subfield code="d">4369</subfield>
  </datafield>
  <datafield tag="952" ind1=" " ind2=" ">
    <subfield code="0">0</subfield>
    <subfield code="1">0</subfield>
    <subfield code="4">0</subfield>
    <subfield code="7">0</subfield>
    <subfield code="a">LLEIDA</subfield>
    <subfield code="b">LLEIDA</subfield>
    <subfield code="d">2011-08-08</subfield>
    <subfield code="l">0</subfield>
    <subfield code="o">507TEO</subfield>
    <subfield code="p">LLEIDA13110002</subfield>
    <subfield code="r">2013-01-16</subfield>
    <subfield code="w">2013-01-16</subfield>
    <subfield code="y">MON</subfield>
  </datafield>
  <datafield tag="952" ind1=" " ind2=" ">
    <subfield code="0">0</subfield>
    <subfield code="1">0</subfield>
    <subfield code="4">0</subfield>
    <subfield code="7">0</subfield>
    <subfield code="a">CDMR</subfield>
    <subfield code="b">CDMR</subfield>
    <subfield code="d">2013-01-16</subfield>
    <subfield code="l">0</subfield>
    <subfield code="o">Cg 5/18</subfield>
    <subfield code="p">CDMR13056538</subfield>
    <subfield code="r">2013-01-16</subfield>
    <subfield code="w">2013-01-16</subfield>
    <subfield code="y">MON</subfield>
  </datafield>
</record>
